[Event "Barcelona Torxa op 2nd"]
[Site "Barcelona"]
[Date "2009.09.09"]
[Round "7"]
[White "Strunk, Fernandez Villanuev"]
[Black "Codina Calvo, Daniel"]
[Result "0-1"]
[WhiteElo "1748"]
[BlackElo "1700"]
[PlyCount "32"]
[EventDate "2009.09.01"]
[EventType "swiss"]
[EventRounds "7"]
[EventCountry "ESP"]
[SourceTitle "EXT 2024"]
[Source "ChessBase"]
[SourceDate "2023.10.10"]
[SourceVersion "1"]
[SourceVersionDate "2023.10.10"]
[SourceQuality "1"]

1. e4 e5 2. Nf3 Nc6 3. Bc4 Bc5 4. 0-0 d6 5. h3 Nf6 6. Nc3 Bd7 7. a3 Qc8 8. b4 Bxh3 9. gxh3 Qxh3 10. bxc5 Ng4 11. Nd5 0-0 12. Nxc7 Rac8 13. Nd5 Rcd8 14. d3 Nd4 15. Ne3 Nxf3+ 16. Qxf3 Qh2# 0-1